000 01313cam a22002774i 4500
999 _c57951
_d57951
001 18119891
005 20221111165153.0
008 140417s2014 cou 001 0 eng
020 _a9781626370333x
041 _aeng
080 _a327(4) T-44
245 0 4 _aThe European Union :
_breadings on the theory and practice of European integration /
_cedited by Brent F. Nelsen and Alexander Stubb.
250 _aFourth edition.
264 1 _aBoulder, Colorado :
_bLynne Rienner Publishers, Inc.,
_c[2014]
300 _axi, 403 pages ;
_c23 cm.
500 _aIncludes index.
610 2 0 _aEuropean Union.
_911134
650 0 _aEuropean federation.
_911135
651 0 _aEurope
_xEconomic integration.
_911127
653 _aThe European Union : Readings on the Theory and Practice of European Integration
653 _aევროკავშირი : ევროპული ინტეგრაციის თეორიასა და პრაქტიკაზე რეაგირება
653 _aЕвропейский союз : чтения по теории и практике европейской интеграции
700 1 _aNelsen, Brent F.
_911136
_eრედაქტორი
700 1 _aStubb, Alexander C-G.
_911137
_eრედაქტორი
942 _2udc
_cBK